Представление документа в формате RUSMARC

ПолеНазваниеЗначение
  Тип записи c
  Библиографический уровень m
001 Контрольный номер RU/УОНБ/EK_N/342704540
005 Дата корректировки 20250306093817.0
010 Индекс ISBN __
9 Тираж 6700 экз.
013 Номер (ISMN) __
d Цена 10 р.
071 Издательские номер (звукозапись и ноты) 21
a Номер, присвоенный агентством 26450
100 Данные общей обработки __
a Данные общей обработки 20101110d1957 uy0rusy0189||||ca
101 Язык документа 0_
a Язык текста rus
f Язык титульного листа rus
102 Страна публикации __
a Страна публикации RU
105 Кодированные данные (монография) __
a Кодированные данные (монография) y###||||000|y
125 Кодированные данные звукозаписи и нотных изданий __
a Форма изложения нотного текста с|
128 Кодированные данные (звукозаписи-физические характеристики) __
a Кодированные данные: Музыкальная форма и тональность или лад ai
c Инструменты или голоса, рекомендуемые для солистов (устаревшее) vh||
c Инструменты или голоса, рекомендуемые для солистов (устаревшее) ka||
200 Заглавие и сведения об ответственности 1_
a Заглавие Ч. 3-4, №№ 21-40
b Общее обозначение материала [Ноты]
210 Выходные данные 1_
d Дата издания 1957
215 Физическое описание __
a Объем 33 c.
461 Уровень набора _0
1 2001
a Искусство пения
e 40 мелодий, расположенных в порядке постепенного возрастания трудности
e для сопрано или тенора с сопровожд. фп.
f Г. Зейдлер
g ред. Н. Л. Дорлиак
v Ч. 3-4, №№ 21-40
1 2101
a М.
c Госмузиздат
d 1957
1 001RU/УОНБ/EK_N/342703530
512 Заглавие обложки 1_
a Заглавие обложки Искусство пения
606 Тематические рубрики 0_
a Основная рубрика Учебно-педагогическая литература вокальная
x Основная подрубрика Высокий голос
610 Ключевые слова 0_
a Ключевые слова пение
610 Ключевые слова 0_
a Ключевые слова высокий голос
610 Ключевые слова 0_
a Ключевые слова вокализы
686 Индексы других классификаций __
a Классификационный индекс 85.943.91-42я44
2 Код системы rubbk
700 Автор _1
a Фамилия Зейдлер
b Имя (инициалы) Г.
702 Вторичная интеллектуальная ответственность _1
a Фамилия Дорлиак
b Имя (инициалы) Н. Л.
4 Код отношения 340
801 Источник записи _0
a Страна RU
b Организация Ульяновская ОНБ
c Дата составления 20101110
g Правила каталогизации RCR
801 Источник записи _1
a Страна RU
b Организация IS
c Дата составления 20101110
g Правила каталогизации RCR
901 Тип документа __
t Тип документа n
w Контрольный № источника RU/УОНБ/EK_N/342703530
909 Создатель записи __
a Создатель записи Никитина Т. А.
910 Корректоры записи __
a Корректор записи Васина
938 Служебная информация __
a Имя БД noti
b Имя библиотеки УОНБ
c Имя АИБС МАРК-SQL
d Номер DOC_ID в БД 7945